000 01829cam a22005174i 4500
003 PE-LiUPU
005 20250731173522.0
008 150616s r 000 0 d
020 _a0882433296
035 _a(Sirsi) i9780882433295
040 _aPE-LiUPU
_bspa
_cPE-LiUPU
_erda
049 _aPRUA
082 0 4 _a289.94095195
_bH96
_221
100 1 _aHurston, Karen,
_eautor.
245 1 0 _aGrowing the world's largest church /
_cKaren Hurston.
264 1 _aSpringfield, Missouri :
_bChrism,
_c1994.
300 _a223 páginas ;
_c21 centímetros
336 _atext
_2rdacontent
337 _aunmediated
_2rdamedia
338 _avolume
_2rdacarrier
504 _aBibliografía: páginas 211-223.
505 0 _aThe early years.- The ministry of prayer.- International prayer mountain.- The ministry of laylearders.
526 _aSEG42
526 _aSEG41
526 _aSEG40
526 _aSEG39
526 _aP94
526 _aP87
526 _aP86
526 _aP85
526 _aP77
526 _aP76
526 _aP35
600 1 _aCho, Yong-gi,
_d1936 -
610 2 _aIglesias Pentecostales
_zCorea (del Sur)
_xHistoria
_ySiglo XX.
650 0 4 _aCorea
_xHistoria de la Iglesia
_ySiglo XX.
650 0 4 _aCrecimiento de iglesia
_zCorea (del Sur).
650 0 4 _aYouido dom Pogüm Kyohoe (Seúl, Corea).
910 _ajck
_bjvq
_cjck
942 _2ddc
_cBOOK
949 _a289.94095195 H96
_wDEWEY
_c1
_i41974
_lCCODEBUL1
_mBUL
_r0
_sY
_tBOOK
_u2015-6-16
_xTEOLOGIA
_zUNKNOWN
_0COMPRA
_o.STAFF. Colección General
994 _aC0
_bPEPRU
596 _a1
999 _a289.94095195 H96
_wDEWEY
_c59720
_i41974
_f2021-11-11
_g5
_lCCODEBUL1
_mBUL
_r0
_sY
_tBOOK
_u2015-6-16
_xTEOLOGIA
_zUNKNOWN
_0COMPRA
_o.STAFF. Colección General
_d59720
980 _81
_gALBERTO SANCHEZ Responsable de Automatización